000 00378nam a2200145Ia 4500
008 230917s9999||||xx |||||||||||||| ||und||
040 _e160332
_aMAIN
041 _aEnglish
082 _a647.94 G346H
100 _aGhosh, Suvradeep Gauranga
245 0 _aHotel front office training manual
260 _aNew Delhi
_bAman Publications
_c2005
300 _a311 p.
942 _cBK
999 _c135895
_d135895